000 01249nam a2200253 a 4500
001 BRCA_1661
005 20190320203509.0
008 840831s1985 txua---##b---#000-0#eng-#
040 _aDLC
_cDLC
_dDLC
050 4 _aND813.M4
_b.T84 1985
100 1 _aTufts, Eleanor
_95174
245 1 0 _aLuis Meléndez
_bSpanish Still-Life Painter of the Eighteenth Century
_cEleanor Tufts ; Juan J. Luna ; translations by Tomás Rodríguez and Patricia Zahniser.
260 _aDallas, Texas
_bMeadows Museum : Southern Methodist University
_c1985
300 _a133 p.
_bil. (algunas a color)
_c28 cm.
500 _aCatálogo de la exposición realizada en el North Carolina Museum of Art (Raleigh), 12 enero - 10 marzo, 1985, en el Meadows Museum, Suthern Methodist University (Dallas, Texas), 22 marzo - 19 mayo, 1985 y en The National Academy of Design (New York), 30 mayo - 1 septiembre, 1985
504 _aBibliografía: p. 124-132
600 1 4 _aMeléndez, Luis
_d1716-1780
_vExposiciones
_95175
650 1 4 _aBodegones
_vExposiciones
_xPintura española
_ySiglo XVIII
_95176
650 1 4 _aPinturas españolas
_ySiglo XVIII
_zEspaña
_95177
653 0 _aNaturaleza muerta
700 1 _aLuna, Juan J
_95178
700 1 _aRodríguez, Tomás
_95179
942 _2lcc
_cB
999 _c1457
_d1457